| 000 | 003070000a22001210004500 | ||
|---|---|---|---|
| 090 |
_aAS _bSeriadas |
||
| 245 | 1 | 0 | _aLa fauna terreste de la Isla Malpelo |
| 041 | 0 | _aEspaƱol | |
| 700 | 1 |
_aAlvarez, Mauricio _94791 |
|
| 100 | 1 |
_aGast, Fernando _94240 |
|
| 942 | _cARTICULO | ||
| 773 | 1 |
_tBiosintesis _h12 _q1-4 _d1999 |
|
| 999 |
_c15925 _d15925 |
||